[Event "Titled Tue 3rd Jun Early"]
[Site "chess.com INT"]
[Date "2025.06.03"]
[Round "5"]
[White "Gyurjinyan, Valter"]
[Black "Brozynski, Patryk"]
[Result "1-0"]
[WhiteTitle "CM"]
[BlackTitle "CM"]
[WhiteElo "2208"]
[BlackElo "2219"]
[WhiteFideId "13318179"]
[BlackFideId "2512700"]
[EventDate "2025.06.03"]

1. d4 Nf6 2. c4 e6 3. Nc3 Bb4 4. Nf3 O-O 5. g3 d6 6. Bg2 Nc6 7. O-O e5 8. a3
Bxc3 9. bxc3 Qe7 10. a4 a5 11. Ba3 Re8 12. e3 Bg4 13. h3 Bh5 14. g4 Bg6 15. Nh4
Be4 16. g5 exd4 17. gxf6 Qxf6 18. Qg4 Bxg2 19. Nxg2 Ne5 20. Qf4 Qxf4 21. Nxf4
dxe3 22. c5 exf2+ 23. Rxf2 dxc5 24. Bxc5 b6 25. Bd4 Rad8 26. Kg2 Nc6 27. Rd1 f6
28. Rfd2 Kf7 29. Bf2 Rxd2 30. Rxd2 Re7 31. Rd5 Ne5 32. Nd3 Nc4 33. Rd8 g5 34.
Rc8 Kg6 35. Bg3 Ne3+ 36. Kf3 Nd5 37. Bf2 Nxc3 38. Bxb6 Nd5 39. Bf2 h5 40. Ra8
Kf5 41. Rxa5 c6 42. Nb4 Kg6 43. Nxd5 cxd5 44. Rxd5 Rb7 45. a5 Rb3+ 46. Kg2 Ra3
47. Rd6 g4 48. hxg4 hxg4 49. a6 Kg5 50. a7 f5 51. Rd8 f4 52. Rg8+ Kf5 53. a8=Q
f3+ 54. Kg3 Rxa8 55. Rxa8 Ke4 56. Ra4+ Kd3 57. Rxg4 Ke2 58. Rf4 Kd3 59. Rxf3+
Ke2 60. Kg4 Kd2 61. Re3 Kc2 62. Kf3 Kd2 63. Ke4 Kc2 64. Kd4 Kd2 65. Bh4 Kc2 66.
Bg5 Kd2 67. Re4+ Kc2 68. Kc4 Kd1 69. Bd8 Kd2 70. Re6 Kd1 71. Kc3 Kc1 72. Re1# 1-0

[Event "Titled Tue 3rd Jun Early"]
[Site "chess.com INT"]
[Date "2025.06.03"]
[Round "5"]
[White "Fiskaaen, Martin Holten"]
[Black "Sakun, Volodymyr"]
[Result "1/2-1/2"]
[WhiteTitle "FM"]
[BlackTitle "FM"]
[WhiteElo "2292"]
[BlackElo "2301"]
[WhiteFideId "1550233"]
[BlackFideId "14114062"]
[EventDate "2025.06.03"]

1. Nf3 Nf6 2. d4 g6 3. Bg5 Bg7 4. c3 h6 5. Bh4 d6 6. Nbd2 c5 7. dxc5 dxc5 8. e4
Nc6 9. Bb5 Bd7 10. O-O a6 11. Be2 Nh5 12. a4 O-O 13. Nc4 Be6 14. Qc2 Nf4 15.
Rfd1 Nxe2+ 16. Qxe2 Qe8 17. h3 f5 18. exf5 Bxf5 19. Bg3 Qf7 20. Nfe5 Qe6 21. Re1
b5 22. Nxc6 Qxc6 23. Ne5 Qb7 24. Nf3 bxa4 25. Qxe7 Qxb2 26. Qxc5 Qxc3 27. Qd5+
Kh7 28. Rxa4 Rad8 29. Qb7 Rd7 30. Qxa6 Qb3 31. Ra3 Qb4 32. Ra4 Qc3 33. Rc4 Qd3
34. Ne5 Bxe5 35. Bxe5 Re7 36. Rc6 Qd5 37. Rd6 Qc5 38. Qb6 Qxb6 39. Rxb6 Rfe8 40.
f4 h5 41. g3 Bxh3 42. Rc1 Bf5 43. Rcc6 Rf7 44. Rd6 Ref8 45. Rd4 Re7 46. Rbd6
Ref7 47. Rb6 Ra8 48. Rbd6 Kh6 49. Rd8 Rxd8 50. Rxd8 Rh7 51. Rf8 h4 52. gxh4 Kh5
53. Bf6 Kg4 54. Bg5 Rd7 55. Rb8 Rd2 56. Rb3 Be4 57. Re3 Bf3 58. Kf1 Rd1+ 59. Kf2
Rd2+ 60. Ke1 Rh2 61. h5 Rxh5 62. Re5 Rh1+ 63. Kd2 Rh2+ 64. Ke3 Re2+ 65. Kd4 Rxe5
66. Kxe5 Be2 67. Kf6 Bd3 68. Ke7 Bf5 69. Kd6 Kf3 70. Ke5 Kg4 71. Kf6 Kf3 72. Ke5
Kg4 73. Kf6 Kf3 74. Ke5 1/2-1/2

[Event "Titled Tue 3rd Jun Early"]
[Site "chess.com INT"]
[Date "2025.06.03"]
[Round "5"]
[White "Fedorov, Artem Alek"]
[Black "Ruge, Edison"]
[Result "1-0"]
[WhiteTitle "CM"]
[BlackTitle "FM"]
[WhiteElo "2198"]
[BlackElo "2201"]
[WhiteFideId "34418431"]
[BlackFideId "4401000"]
[EventDate "2025.06.03"]

1. e4 e5 2. Nf3 Nc6 3. Bb5 f5 4. Nc3 fxe4 5. Nxe4 Nf6 6. Qe2 d5 7. Nxf6+ gxf6 8.
d4 Bg7 9. O-O O-O 10. dxe5 fxe5 11. Qd1 Bg4 12. Be2 e4 13. Ng5 Bf5 14. Bg4 Qd7
15. Bxf5 Qxf5 16. c3 h6 17. Nh3 Rad8 18. Qb3 b6 19. Be3 Ne5 20. Nf4 c6 21. h3
Nc4 22. Rad1 Be5 23. Ne2 Qg6 24. Bd4 Bb8 25. Qc2 Ne5 26. Bxe5 Bxe5 27. f4 Bg7
28. Nd4 c5 29. f5 Bxd4+ 30. cxd4 Rxf5 31. Rxf5 Qxf5 32. dxc5 d4 33. Qc4+ Qd5 34.
Qxd5+ Rxd5 35. c6 d3 36. Kf2 Rc5 37. Ke3 Rxc6 38. Kxe4 Rc2 39. g4 Rxb2 40. Rxd3
Rxa2 41. Kf5 Rc2 42. Rd8+ Kf7 43. Rd7+ Kf8 44. Rxa7 Rc5+ 45. Kf4 b5 46. Rb7 Kg8
47. h4 Kf8 48. Rb6 Kg7 49. Rb7+ Kg8 50. Ke4 Kf8 51. Kf4 Kg8 52. g5 hxg5+ 53.
hxg5 Kf8 54. Kg4 Kg8 55. Kh5 Kf8 56. Kh6 Rc1 57. Rb8+ Ke7 58. g6 Rh1+ 59. Kg7
Rh5 60. Kg8 Kf6 61. g7 Rg5 62. Rb6+ Ke7 63. Rc6 Kd7 64. Rc1 b4 65. Rb1 Rb5 66.
Kf7 1-0

[Event "Titled Tue 3rd Jun Early"]
[Site "chess.com INT"]
[Date "2025.06.03"]
[Round "5"]
[White "Khazhatuly, Alikhan"]
[Black "Marynychenko, Yehor"]
[Result "1/2-1/2"]
[WhiteTitle "CM"]
[BlackTitle "CM"]
[WhiteElo "2196"]
[BlackElo "2183"]
[WhiteFideId "13731335"]
[BlackFideId "34160558"]
[EventDate "2025.06.03"]

1. e4 c5 2. Nf3 Nc6 3. Bb5 Nd4 4. Nxd4 cxd4 5. Qf3 e5 6. O-O Nf6 7. d3 a6 8. Bc4
Be7 9. c3 dxc3 10. Nxc3 d6 11. Bg5 O-O 12. Rac1 Be6 13. Bxe6 fxe6 14. Qh3 Qd7
15. Bxf6 Bxf6 16. Nd5 Bd8 17. f4 Qe8 18. Nc7 Bxc7 19. Rxc7 exf4 20. Rxb7 Rc8 21.
Qg4 Qg6 22. Qxg6 hxg6 23. Rb6 Rc2 24. Rxd6 Rxb2 25. Rxa6 e5 26. Rxg6 Rxa2 27.
Rg5 Re8 28. h4 Kh7 29. Kh2 Kh6 30. Rf3 g6 31. Rf1 Re6 32. Rf3 Rd2 33. Kh3 Rd1
34. Kh2 Kh7 35. g3 Rd2+ 36. Kh3 Rd6 37. gxf4 exf4 38. Rxf4 R6xd3+ 39. Rg3 Rd4
40. Re3 Kg7 41. Rff3 Rd6 42. e5 Re6 43. Rg3 Rd5 44. Rg5 Kh6 45. Kg3 Rd4 46. Rg4
Rd5 47. Rge4 Kh5 48. Kf3 Ra5 49. Re1 Ra3+ 50. R1e3 Ra5 51. Kg3 Rd5 52. Re2 Rd3+
53. R4e3 Rd5 54. Re1 Rd4 55. Rf1 Rg4+ 56. Kf2 Rf4+ 57. Ke2 Rxf1 58. Kxf1 Kxh4
59. Kf2 g5 60. Kf3 Re8 61. Ke4 g4 62. Kd5 g3 63. e6 g2 64. Re1 Kg3 65. Kd6 Kf2
66. Ra1 Rxe6+ 67. Kxe6 g1=Q 68. Rxg1 Kxg1 1/2-1/2

[Event "Titled Tue 3rd Jun Early"]
[Site "chess.com INT"]
[Date "2025.06.03"]
[Round "5"]
[White "Ter-Sahakyan, Samvel"]
[Black "Klukin, Kirill"]
[Result "1/2-1/2"]
[WhiteTitle "GM"]
[BlackTitle "IM"]
[WhiteElo "2611"]
[BlackElo "2407"]
[WhiteFideId "13302531"]
[BlackFideId "24199273"]
[EventDate "2025.06.03"]

1. d4 e6 2. e4 d5 3. e5 c5 4. c3 Nc6 5. Nf3 Nge7 6. Na3 Bd7 7. Nc2 Qa5 8. Bd2
Qb6 9. Bd3 cxd4 10. cxd4 Nf5 11. O-O Be7 12. Bc3 Rc8 13. Rc1 O-O 14. Ne3 Nxe3
15. fxe3 f5 16. exf6 Bxf6 17. Qc2 h6 18. Qf2 Ne7 19. Qe2 a6 20. g4 Bb5 21. h4
Bxd3 22. Qxd3 Qb5 23. Qxb5 axb5 24. g5 Nf5 25. gxf6 gxf6 26. Kf2 Kf7 27. Bb4 Rg8
28. b3 Ng3 29. Rxc8 Ne4+ 30. Ke2 Rxc8 31. Rg1 Rc2+ 32. Nd2 Rxa2 33. Kd3 Nf2+ 34.
Kc3 Ra8 35. Rf1 Rc8+ 36. Bc5 Ng4 37. Kd3 h5 38. Ke2 Kg6 39. e4 Rd8 40. Rg1 e5
41. Kf3 dxe4+ 42. Nxe4 f5 43. Ng5 e4+ 44. Kg3 Ra8 45. Ne6 Ra2 46. Nf4+ Kh6 47.
d5 Rc2 48. Bf8+ Kh7 49. d6 Rc3+ 50. Kg2 Ne3+ 51. Kh2 Ng4+ 52. Rxg4 hxg4 53. Ne6
Rc2+ 54. Kg3 Rd2 55. Kf4 Kg6 56. h5+ Kxh5 57. Ng7+ Kg6 58. Nxf5 Kf7 59. Be7 Ke6
60. Ne3 Rd3 61. Kxe4 Rxb3 62. Nxg4 Rb4+ 63. Kf3 Rd4 64. Ne3 Rxd6 65. Bxd6 Kxd6
66. Ke2 Kc5 67. Kd3 b4 68. Kc2 b5 69. Kb3 Kc6 70. Nc2 Kb6 71. Kxb4 Kc6 72. Nd4+
Kd5 73. Nb3 Kd6 74. Kxb5 1/2-1/2

[Event "Titled Tue 3rd Jun Early"]
[Site "chess.com INT"]
[Date "2025.06.03"]
[Round "5"]
[White "Kalyani Sirin"]
[Black "Filindash, Nikita"]
[Result "1/2-1/2"]
[WhiteTitle "WFM"]
[BlackTitle "CM"]
[WhiteElo "2136"]
[BlackElo "2198"]
[WhiteFideId "33323500"]
[BlackFideId "34159983"]
[EventDate "2025.06.03"]

1. e4 e5 2. Nf3 Nf6 3. Nc3 Bb4 4. Bc4 O-O 5. O-O d6 6. d3 Bg4 7. h3 Bh5 8. Bg5
c6 9. g4 Bg6 10. Nh4 Bxc3 11. bxc3 d5 12. exd5 cxd5 13. Bb3 Nc6 14. Qf3 e4 15.
Qg2 exd3 16. Nxg6 hxg6 17. cxd3 Ne5 18. Rad1 Rc8 19. f4 Qb6+ 20. Kh1 Ned7 21. f5
Rxc3 22. fxg6 fxg6 23. Bxd5+ Kh7 24. Bxb7 Qc5 25. Bxf6 Nxf6 26. Qg3 Rc2 27. d4
Qc3 28. Qxc3 Rxc3 29. g5 Rb8 30. gxf6 Rxb7 31. f7 Rb2 32. Rf4 Rxh3+ 33. Kg1 Rg3+
34. Kf1 Rh3 35. Rf2 Rh1+ 36. Kg2 Rxf2+ 37. Kxf2 Rxd1 38. f8=Q Rxd4 39. Qc5 Rd2+
40. Ke3 Rxa2 41. Qg5 Rh2 42. Qg3 Rh5 43. Qc7 a5 44. Kf3 Rf5+ 45. Kg4 Rh5 46. Qb8
Rd5 47. Qh2+ Rh5 48. Qa2 Rf5 49. Qh2+ Rh5 50. Qc7 a4 51. Qa7 Rh1 52. Qxa4 Rh5
53. Qd7 Rf5 54. Qe6 Rh5 55. Qe4 Rf5 56. Qh1+ Rh5 57. Qd1 Rf5 58. Qd2 Rh5 59. Kg3
Rf5 60. Kg4 Rh5 61. Kf4 Rf5+ 62. Ke4 Rh5 63. Qg2 Rf5 64. Qg4 Rh5 65. Qg2 1/2-1/2

[Event "Titled Tue 3rd Jun Early"]
[Site "chess.com INT"]
[Date "2025.06.03"]
[Round "5"]
[White "Garcia Alarcon, Alvaro COL"]
[Black "Chelly, Yahya"]
[Result "0-1"]
[WhiteTitle "FM"]
[BlackTitle "CM"]
[WhiteElo "2105"]
[BlackElo "2039"]
[WhiteFideId "4400330"]
[BlackFideId "5516200"]
[EventDate "2025.06.03"]

1. d4 d5 2. c4 e6 3. Nf3 Nf6 4. Bg5 Be7 5. e3 O-O 6. Nc3 dxc4 7. Bxc4 a6 8. O-O
b5 9. Bd3 c5 10. Qe2 Nbd7 11. Rac1 Bb7 12. Ne5 Rc8 13. Rfd1 cxd4 14. exd4 Nb6
15. Bb1 Nbd5 16. Nxd5 Nxd5 17. Qd3 g6 18. Rxc8 Qxc8 19. Bh6 Rd8 20. Qh3 Qa8 21.
Re1 Bf6 22. Nxf7 Re8 23. Nd6 Re7 24. Ne4 Bxd4 25. Ng5 Qe8 26. Nf3 Bxb2 27. Bg5
Bc3 28. Bxe7 Bxe1 29. Qxe6+ Qf7 30. Qxf7+ Kxf7 31. Nxe1 Kxe7 32. a3 Kd6 33. f3
a5 34. Kf2 Nb6 35. Bd3 Kc5 36. Ke3 Nc4+ 37. Bxc4 Kxc4 38. Nc2 Kb3 39. Nd4+ Kxa3
40. Nxb5+ Kb4 41. Nd4 a4 42. Kd2 Bd5 43. Nc2+ Kb3 44. Nd4+ Kb2 45. Nb5 a3 46.
Nxa3 Kxa3 47. Ke3 Kb4 48. h4 Kc5 49. Kf4 Kd6 50. Kg5 Bf7 51. Kf6 Be8 52. Kg7 h5
53. Kf6 Kd7 54. g4 Kd6 55. gxh5 gxh5 56. f4 Kd5 57. Kg5 Ke4 58. f5 Ke5 59. f6
Ke6 60. Kf4 Kxf6 61. Ke4 Bf7 62. Kf4 Bg6 63. Kf3 Kf5 64. Kg3 Bf7 65. Kf3 Bd5+
66. Kg3 Bc6 67. Kh3 Ba4 68. Kg3 Bd1 69. Kh3 Kf4 70. Kg2 Kg4 71. Kf2 Ba4 72. Kg2
Bd7 73. Kh2 Bc6 74. Kg1 Kxh4 75. Kh2 Bd5 76. Kg1 Kh3 77. Kf2 Kh2 78. Kf1 h4 79.
Kf2 h3 80. Kf1 Bg2+ 81. Kf2 Kh1 82. Kg3 h2 83. Kf2 Ba8 84. Kf1 Bb7 85. Kf2 Ba6
86. Kg3 Kg1 0-1

[Event "Titled Tue 3rd Jun Early"]
[Site "chess.com INT"]
[Date "2025.06.03"]
[Round "5"]
[White "Vasquez Schroeder, Rodrigo"]
[Black "Galperin, Platon"]
[Result "1/2-1/2"]
[WhiteTitle "GM"]
[BlackTitle "GM"]
[WhiteElo "2446"]
[BlackElo "2494"]
[WhiteFideId "3400042"]
[BlackFideId "14165414"]
[EventDate "2025.06.03"]

1. e4 c6 2. d3 d5 3. Nd2 g6 4. Ngf3 Bg7 5. g3 e5 6. Bg2 Ne7 7. O-O O-O 8. Re1 d4
9. a4 c5 10. Nc4 Nec6 11. c3 b6 12. cxd4 cxd4 13. Bd2 a5 14. Qb3 Nd7 15. Bf1 Ba6
16. Rac1 Rb8 17. Qa3 Qf6 18. Kg2 Rfc8 19. Qd6 Nc5 20. Qxf6 Bxf6 21. Nxb6 Rxb6
22. Rxc5 Rxb2 23. Rec1 Bb7 24. Bxa5 Ra2 25. R5c4 Nxa5 26. Rxc8+ Bxc8 27. Rxc8+
Kg7 28. Ra8 Rxa4 29. Be2 Ra3 30. Ra6 Nc4 31. Rxa3 Nxa3 32. Bd1 Nb5 33. Bb3 Nc7
34. Nd2 Na6 35. Bc4 Nc5 36. f4 exf4 37. gxf4 Bd8 38. Nf3 Bc7 39. e5 f6 40. Kg3
fxe5 41. fxe5 Nd7 42. Kf4 Nxe5 43. Nxe5 Kf6 44. Kg4 Bxe5 45. h3 h5+ 46. Kf3 Kf5
47. Bf7 Bf6 48. Be8 Bg7 49. Bf7 Kg5 50. Be8 Bf6 51. Bf7 Kf5 52. Be8 Bd8 53. Bf7
Kf6 54. Be8 Bc7 55. Ke4 Bb6 56. Kf3 Bc5 57. Ke4 Ba7 58. Kf3 Kf5 59. Bd7+ Kg5 60.
Be8 Bb6 61. Bf7 Kh6 62. Be8 Kg7 63. Ke4 Kh6 64. Kf3 g5 65. Bf7 Bd8 66. Be8 Bf6
67. Bf7 h4 68. Kg4 Kg7 69. Bd5 Kf8 70. Be4 Bd8 71. Bf5 Ke7 72. Be4 Kd6 73. Bf5
Kc5 74. Be4 Kb4 75. Bf5 Kc3 76. Be4 Kd2 77. Bf5 Ke3 78. Be4 Be7 79. Bf5 Bd8 80.
Be4 Be7 81. Bf5 Bd8 1/2-1/2

[Event "Titled Tue 3rd Jun Early"]
[Site "chess.com INT"]
[Date "2025.06.03"]
[Round "5"]
[White "Lopez Rayo, Isabella"]
[Black "Petrus, Adrian"]
[Result "1-0"]
[WhiteTitle "WFM"]
[BlackTitle "CM"]
[WhiteElo "2021"]
[BlackElo "2203"]
[WhiteFideId "4452755"]
[BlackFideId "14573652"]
[EventDate "2025.06.03"]

1. e4 e5 2. Nf3 Nc6 3. Bb5 f5 4. Nc3 fxe4 5. Nxe4 Nf6 6. Nxf6+ Qxf6 7. O-O Be7
8. d4 Nxd4 9. Nxd4 exd4 10. Bc4 c6 11. Qh5+ Qg6 12. Qe5 Qf6 13. Qh5+ Qg6 14. Qe2
d5 15. Bd3 Qe6 16. Qh5+ g6 17. Qh6 Bd7 18. Bg5 Bxg5 19. Qxg5 O-O 20. Rae1 Qf6
21. Qg3 Rae8 22. b4 Bf5 23. Rxe8 Rxe8 24. Qc7 Bxd3 25. cxd3 Qf7 26. Qd6 Qe7 27.
Qf4 Qxb4 28. h4 Qe7 29. h5 Qe5 30. Qg4 Qxh5 31. Qd7 g5 32. Qxb7 Qg6 33. Qxa7 Rf8
34. Qxd4 Rf7 35. a4 Qf6 36. Qc5 g4 37. g3 Qf3 38. Qe3 Qxe3 39. fxe3 Ra7 40. Ra1
Ra5 41. Kf2 Kf7 42. e4 Ke6 43. Ke3 dxe4 44. Kxe4 h5 45. Kd4 Rd5+ 46. Kc4 Kd6 47.
a5 Rc5+ 48. Kb4 Rb5+ 49. Kc3 Rb7 50. a6 Ra7 51. Kc4 c5 52. Rh1 Rxa6 53. Rxh5
Ra4+ 54. Kc3 Rd4 55. Rg5 Kc6 56. Rf5 Kb5 57. Rf1 Kc6 58. Ra1 Kd5 59. Rh1 Kc6 60.
Re1 Kb5 61. Re4 Rb4 62. Re8 Kc6 63. Rc8+ Kd5 64. Rd8+ Ke5 65. Rc8 Kd5 66. Rf8
Rd4 67. Rc8 Kd6 68. Rd8+ Ke5 69. Rxd4 cxd4+ 70. Kc4 Ke6 71. Kxd4 Kd6 72. Ke4 Kc5
73. Kf4 Kd4 74. Kxg4 Kxd3 75. Kf5 Kd4 76. g4 Kd5 77. g5 Kd6 78. Kf6 Kd7 79. Kf7
Kd6 80. g6 Ke5 81. g7 1-0

[Event "Titled Tue 3rd Jun Early"]
[Site "chess.com INT"]
[Date "2025.06.03"]
[Round "5"]
[White "Vafin, Ayrat"]
[Black "Ambartsumian, Tyhran"]
[Result "0-1"]
[WhiteTitle "FM"]
[BlackTitle "CM"]
[WhiteElo "2302"]
[BlackElo "2179"]
[WhiteFideId "4146530"]
[BlackFideId "34161112"]
[EventDate "2025.06.03"]

1. Nf3 Nf6 2. g3 g6 3. Bg2 Bg7 4. O-O O-O 5. d4 d6 6. c4 c6 7. Nc3 Bf5 8. b3 Ne4
9. Bb2 Nxc3 10. Bxc3 d5 11. Rc1 Nd7 12. Nd2 Nf6 13. Re1 Bh6 14. e3 Qd6 15. Bb2
Rac8 16. h3 Rfd8 17. Kh2 Bg7 18. Qe2 h5 19. Red1 h4 20. e4 hxg3+ 21. fxg3 dxe4
22. Nxe4 Bxe4 23. Bxe4 Nh5 24. Qf2 Bh6 25. Rc3 f5 26. Bc2 Bg7 27. Rf3 Qc7 28.
Kg2 e5 29. dxe5 Rxd1 30. Bxd1 Bxe5 31. Bxe5 Qxe5 32. g4 Ng7 33. gxf5 gxf5 34.
Re3 Qf6 35. Qf4 Rf8 36. Bf3 Ne6 37. Qd6 Qg5+ 38. Kf2 Nf4 39. Bh1 Nh5 40. Bf3
Qh4+ 41. Kf1 Qxh3+ 42. Ke2 Ng3+ 43. Kd2 f4 44. Qe6+ Qxe6 45. Rxe6 Kg7 46. b4 Nf5
47. Kc3 Rf7 48. b5 cxb5 49. cxb5 b6 50. Re4 Nh4 51. Bh5 Rf5 52. Re7+ Kh6 53. Be2
f3 54. Bf1 f2 55. Rxa7 Nf3 56. a4 Nh2 57. Bd3 Rh5 58. Rf7 Ng4 59. Rf4 Kg5 60.
Rf3 Kh4 61. Bf1 Rc5+ 62. Kd4 Rc1 63. Be2 Re1 64. Bd3 Kg5 65. Rf8 Kh4 66. Rh8+
Kg3 67. Rf8 Rd1 68. a5 bxa5 69. b6 Ne5 70. Kxe5 Rxd3 71. Rg8+ Kh2 72. Rf8 Kg2
73. b7 Rb3 74. Rf7 Rxb7 75. Rxf2+ Kxf2 76. Kd4 Rb4+ 77. Kc3 Kg3 78. Kc2 Kg4 79.
Kc3 Kf5 80. Kc2 Ke5 81. Kc3 Kd5 0-1

[Event "Titled Tue 3rd Jun Early"]
[Site "chess.com INT"]
[Date "2025.06.03"]
[Round "5"]
[White "Pham, Le Thao Nguyen"]
[Black "Kawka, Milena"]
[Result "1-0"]
[WhiteTitle "IM"]
[BlackTitle "WCM"]
[WhiteElo "2388"]
[BlackElo "2004"]
[WhiteFideId "12401226"]
[BlackFideId "21095167"]
[EventDate "2025.06.03"]

1. d4 Nf6 2. Nf3 e6 3. Bf4 c5 4. e3 Nc6 5. c3 b6 6. Nbd2 cxd4 7. exd4 Bb7 8. Bd3
Be7 9. O-O O-O 10. Re1 d6 11. a4 a6 12. Qe2 Re8 13. Bg3 Bf8 14. Bh4 Be7 15. Nf1
Nd5 16. Bg3 Bf6 17. N1d2 g6 18. Ne4 Be7 19. h4 h5 20. Neg5 Bf6 21. Qe4 Bxg5 22.
Nxg5 Nf6 23. Qf3 Na5 24. Qf4 Rc8 25. Qxd6 Qxd6 26. Bxd6 Nd5 27. Ne4 Kg7 28. Rad1
Red8 29. Bg3 f6 30. Nd2 Re8 31. Re2 Rcd8 32. Rde1 Kf7 33. Ne4 Rd7 34. Nd6+ Rxd6
35. Bxd6 Nc6 36. Be4 Nde7 37. Bf3 Nf5 38. d5 Na5 39. dxe6+ Kg8 40. Bxb7 Nxb7 41.
Bg3 Nc5 42. Rd1 Rxe6 43. Rxe6 Nxe6 44. Rd7 Kf8 45. Rb7 Nxg3 46. fxg3 Nc5 47.
Rxb6 Nxa4 48. Rxf6+ Kg7 49. Rxa6 Nxb2 50. c4 Nxc4 51. Kh2 Ne5 52. Kg1 Ng4 53.
Kf1 Ne3+ 54. Kf2 Ng4+ 55. Kf3 Ne5+ 56. Ke4 Ng4 57. Kf4 Kh6 58. Ra4 Kg7 59. Kg5
Ne5 60. Ra7+ Nf7+ 61. Kf4 Kf6 62. g4 hxg4 63. Kxg4 Nh6+ 64. Kf4 Nf5 65. Ra6+ Kf7
66. h5 Nh4 67. Kg5 Nxg2 68. Ra7+ Kg8 69. hxg6 Ne3 70. Ra3 Nd5 71. Kh6 Nf6 72.
Ra8+ 1-0

[Event "Titled Tue 3rd Jun Early"]
[Site "chess.com INT"]
[Date "2025.06.03"]
[Round "5"]
[White "Manon-og, Ramon Jr."]
[Black "Asensio Ramos, Enrique Fernando"]
[Result "1-0"]
[BlackTitle "CM"]
[WhiteElo "1913"]
[BlackElo "2206"]
[WhiteFideId "5200776"]
[BlackFideId "2214172"]
[EventDate "2025.06.03"]

1. e4 Nc6 2. Nc3 g6 3. f4 Bg7 4. Nf3 d6 5. d4 Bg4 6. Bb5 a6 7. Bxc6+ bxc6 8. Be3
Qb8 9. Rb1 Nf6 10. h3 Be6 11. O-O O-O 12. Ng5 a5 13. Qe1 Bc4 14. Rf2 Nd7 15. f5
c5 16. Qd2 cxd4 17. Bxd4 Ne5 18. b3 Ba6 19. Nd5 Qd8 20. Qc3 c5 21. Bxe5 Bxe5 22.
Qd2 Bd4 23. c4 e6 24. Nc3 Bb7 25. h4 exf5 26. exf5 Qf6 27. Nce4 Qe5 28. Re1 Rae8
29. f6 Bxe4 30. Rxe4 Qf5 31. Rxd4 Qxf2+ 32. Qxf2 cxd4 33. Qxd4 Rd8 34. Nf3 h6
35. Qf4 Kh7 36. Nd4 Rfe8 37. h5 Re5 38. hxg6+ Kxg6 39. Qg4+ Kxf6 40. Qh4+ Rg5
41. Qxh6+ Rg6 42. Qh4+ Rg5 43. Nf3 Rg8 44. Nxg5 Rxg5 45. Qd4+ Ke6 46. Qe3+ Re5
47. Qh3+ f5 48. Qc3 Kd7 49. a3 Kc6 50. b4 axb4 51. axb4 Re4 52. b5+ Kc5 53. Qd3
Rxc4 54. Qxf5+ Kb4 55. Qd5 Rc1+ 56. Kh2 Rc5 57. Qxd6 Kxb5 58. g4 Rc6 59. Qd7 Kc5
60. g5 Rd6 61. Qe7 Kd5 62. Kg3 Re6 63. Qf7 Ke5 64. g6 Rf6 65. Qg7 Kf5 66. Kh4
Rxg6 67. Qh7 Kf6 68. Kh5 Rg5+ 69. Kh4 Rg6 70. Qa7 Rg7 71. Qa6+ Kf5 72. Qd6 Rg6
73. Qd5+ Kf6 74. Kh5 Rg7 75. Qe5+ Kf7 76. Qf5+ Ke7 77. Kh6 Rf7 78. Qe5+ Kd7 79.
Kg6 Re7 80. Qd5+ Kc7 81. Kf6 Rd7 82. Qc5+ Kb7 83. Ke6 Rc7 84. Qb5+ Kc8 85. Kd6
Rf7 86. Qe8+ Kb7 87. Qxf7+ Ka6 88. Qb3 Ka7 89. Kc7 Ka8 90. Qb8# 1-0

[Event "Titled Tue 3rd Jun Early"]
[Site "chess.com INT"]
[Date "2025.06.03"]
[Round "5"]
[White "Jakubowski, Krzysztof"]
[Black "Tang, Andrew"]
[Result "0-1"]
[WhiteTitle "GM"]
[BlackTitle "GM"]
[WhiteElo "2448"]
[BlackElo "2529"]
[WhiteFideId "1112848"]
[BlackFideId "2059630"]
[EventDate "2025.06.03"]

1. e4 e5 2. Nf3 Nc6 3. Bc4 Nf6 4. Ng5 d5 5. exd5 Na5 6. Bb5+ c6 7. dxc6 bxc6 8.
Bd3 Nd5 9. h4 Qc7 10. Nc3 h6 11. Nxd5 cxd5 12. Bb5+ Bd7 13. Bxd7+ Qxd7 14. Nf3
e4 15. Nd4 Bc5 16. Nb3 Nxb3 17. axb3 O-O 18. d4 exd3 19. Qxd3 Rfe8+ 20. Kf1 Re4
21. Bd2 Rd4 22. Qc3 Rc8 23. Be3 Bb6 24. Bxd4 Rxc3 25. bxc3 Qb5+ 26. Kg1 Qe2 27.
Bxb6 axb6 28. Rh3 Qxc2 29. b4 f6 30. Re1 Kf7 31. h5 Qf5 32. Rd1 Kg8 33. b5 Kf7
34. Rdd3 Kg8 35. Rd4 Qb1+ 36. Kh2 Qxb5 37. Rhd3 Qc5 38. Rxd5 Qxf2 39. R3d4 Qe2
40. c4 Kh7 41. Kh3 Qe3+ 42. g3 Qg1 43. Rf4 Qe1 44. Kg4 Qe2+ 45. Kh4 Qe1 46. Kg4
Kg8 47. Rb5 Qe6+ 48. Kf3 Qd6 49. Ke3 Kh7 50. Re4 Qxg3+ 51. Kd4 Qd6+ 52. Kc3 Qc6
53. Rd4 Kg8 54. Rdd5 Qc7 55. Kb3 Kh7 56. Kb4 Qc6 57. Kb3 Qe6 58. Kc3 Qe3+ 59.
Kb4 Kg8 60. Rd8+ Kh7 61. Rdd5 Qg1 62. Kc3 Qf2 63. Kd3 Kg8 64. Rd8+ Kf7 65. Rdd5
Ke6 66. Ke4 Qe2+ 67. Kd4 Qd2+ 68. Ke4 Qf2 69. Kd3 f5 70. Re5+ Kf6 71. Red5 Kg5
72. Re5 Kg4 73. Re7 Kxh5 74. Rxg7 Qf1+ 75. Ke3 Qe1+ 76. Kf4 Qf2+ 77. Ke5 f4 78.
Kf6+ Kh4 79. Rg6 Qd4+ 80. Kf5 Qxc4 81. Rg4+ Kh3 82. Rb2 Qc8+ 0-1

[Event "Titled Tue 3rd Jun Early"]
[Site "chess.com INT"]
[Date "2025.06.03"]
[Round "5"]
[White "Andrade, Ivan"]
[Black "Shafer, Logan C"]
[Result "0-1"]
[WhiteTitle "FM"]
[BlackTitle "CM"]
[WhiteElo "2161"]
[BlackElo "2291"]
[WhiteFideId "14800039"]
[BlackFideId "30993342"]
[EventDate "2025.06.03"]

1. e4 c6 2. d4 d5 3. e5 Bf5 4. Nf3 e6 5. Be2 Nd7 6. O-O a5 7. Nbd2 a4 8. a3 f6
9. exf6 Ngxf6 10. Re1 Bd6 11. Nf1 O-O 12. Ng3 Ne4 13. Nxf5 exf5 14. c4 Qf6 15.
b4 g5 16. Bb2 g4 17. Ne5 Nxe5 18. dxe5 Bxe5 19. Bxe5 Qxe5 20. f3 gxf3 21. Bxf3
Rad8 22. cxd5 Rxd5 23. Qc2 Qd4+ 24. Kh1 Nf2+ 25. Kg1 Nd3+ 26. Kh1 Nxe1 27. Bxd5+
Qxd5 28. Rxe1 b5 29. h3 Rd8 30. Qc3 Qd2 31. Qg3+ Kf7 32. Rf1 Qd3 33. Qh4 Qxf1+
34. Kh2 Rg8 35. Qh5+ Kf8 36. Qh6+ Ke8 37. Qxc6+ Ke7 38. Qc5+ Ke6 39. Qc6+ Kf7
40. Qd5+ Kg7 41. Qd4+ Kf7 42. Qd7+ Kg6 43. Qe6+ Kg7 44. Qe7+ Kg6 45. Qe6+ Kg7
46. Qe7+ Kh6 47. Qh4+ Kg6 48. Qg3+ Kf7 49. Qc7+ Ke6 50. Qc6+ Ke5 51. Qc5+ Ke4
52. Qc6+ Kf4 53. Qd6+ Ke3 54. Qe6+ Kd4 55. Qxg8 Qc4 56. Qg7+ Kd3 57. Qd7+ Kc3
58. Qg7+ Qd4 59. Qc7+ Kb3 60. Qxh7 Kxa3 61. Qxf5 Kxb4 62. Qf8+ Kb3 63. Qf3+ Qc3
64. Qf7+ Kb2 65. Qf2+ Qc2 66. Qd4+ Kb3 67. Qd5+ Qc4 68. Qd1+ Kb4 69. Qb1+ Qb3
70. Qe1+ Ka3 71. Qc1+ Ka2 72. Qd2+ Qb2 73. Qd5+ Ka1 74. Qd1+ Ka2 75. Qd5+ Ka3
76. Qd3+ Qb3 77. Qd6+ b4 78. h4 Ka2 79. h5 Qc3 80. h6 b3 81. h7 b2 82. Qe6+ Ka1 0-1

[Event "Titled Tue 3rd Jun Early"]
[Site "chess.com INT"]
[Date "2025.06.03"]
[Round "5"]
[White "Kleiman, Jake"]
[Black "Nguyen Thien Ngan"]
[Result "1-0"]
[WhiteTitle "IM"]
[BlackTitle "WIM"]
[WhiteElo "2399"]
[BlackElo "1998"]
[WhiteFideId "2020041"]
[BlackFideId "12414816"]
[EventDate "2025.06.03"]

1. e4 e5 2. Nf3 Nc6 3. Bc4 Bc5 4. d3 Nf6 5. c3 a6 6. Bb3 Ba7 7. Nbd2 d6 8. O-O
Be6 9. Bc2 O-O 10. h3 Ne7 11. Re1 Ng6 12. d4 exd4 13. cxd4 Re8 14. Nf1 h6 15.
Ng3 b5 16. Be3 c5 17. Qd2 Rc8 18. Rad1 Qc7 19. Bb1 Qb7 20. Bxh6 cxd4 21. Bg5 Nh7
22. Nf5 Bxf5 23. exf5 Ne5 24. Nxe5 dxe5 25. f6 e4 26. Qf4 Qd5 27. Bxe4 Rxe4 28.
Rxe4 Qxg5 29. Qxg5 Nxg5 30. Re7 Bb6 31. Rb7 Rc6 32. fxg7 Kxg7 33. Rd3 Rc1+ 34.
Kh2 Bc7+ 35. g3 Ne4 36. Rxd4 Nd6 37. Rxc7 Rxc7 38. Rxd6 Rc2 39. Kg2 a5 40. Rb6
Rxb2 41. a3 Rb3 42. h4 Rxa3 43. Rxb5 Ra1 44. g4 a4 45. Ra5 a3 46. Kg3 a2 47. Kf4
Kf6 48. Ra6+ Kg7 49. h5 Kh7 50. Kg5 Kg7 51. Ra7 Kg8 52. Kf6 Kh8 53. Kxf7 Rg1 54.
Rxa2 Rxg4 55. Kf6 Kh7 56. Kf5 Rg7 57. f4 Kh6 58. Rh2 Rf7+ 59. Kg4 Rg7+ 60. Kf3
Rf7 61. Rh4 Rf5 62. Rh3 Ra5 63. Kg4 Ra8 64. Re3 Rg8+ 65. Kh4 Rg1 66. Re6+ Kh7
67. Re5 Kh6 68. Rg5 Rh1+ 69. Kg4 Rf1 70. Kf5 Re1 71. Kf6 Rf1 72. f5 Rf2 73. Rg3
Kxh5 74. Ke6 Kh4 75. Rg8 Re2+ 76. Kf7 Kh5 77. f6 Kh6 78. Rg1 Rc2 79. Kg8 Rc8+
80. Kf7 Rc7+ 81. Ke6 Rc6+ 82. Ke5 Rc5+ 83. Kd6 Rf5 84. Ke6 Rf2 85. f7 Re2+ 86.
Kd7 Rd2+ 87. Ke8 Re2+ 88. Kf8 Rf2 89. Kg8 Rc2 90. f8=Q+ 1-0